Dzielnice Warszawy według zdjęć satelitarnych - Statystyki

Ogólne statystyki
  • Ten quiz został rozwiązany 39 razy
  • Średni wynik to 17 z 18
Statystyki odpowiedzi
Obrazkowy Odpowiedź % Poprawnych
Bemowo
100%
Praga Północ
100%
Śródmieście
100%
Mokotów
97%
Ochota
97%
Praga Południe
97%
Ursynów
97%
Wilanów
97%
Wola
97%
Białołęka
94%
Bielany
94%
Targówek
94%
Ursus
94%
Włochy
94%
Żoliborz
94%
Wawer
91%
Rembertów
88%
Wesoła
88%
Nie znaleziono quizów pasujących do podanych kryteriów
Rozkład punktacji
Procent ludzi z każdym wynikiem
Percentyl według liczby udzielonych odpowiedzi
Twoja historia wyników
Nie rozwiązałeś tego quizu